000 00952nam a2200229Ia 4500
003 OSt
005 20220923220818.0
006 a|||||r|||| 00| 0
007 ta
008 220922b |||||||| |||| 00| 0 hin d
024 _a190,781
037 _cTextual
040 _aARTS
_cARTS
_bhin
041 _2hin
_ahin
082 _aR625x7:1, 152G9(=)
100 _aविश्वनाथ पंचानन भट्टाचार्य
245 0 _aकारिकावली सिद्धान्त मुक्तावली संवलिता चन्द्रघर सिंह शर्मा, व्या चन्द्रिका
246 _aKārikāvalī siddhānta muktāvalī sanvalitā chandraghar sianha sharmā, vyā0 chandrikā
260 _c1939
942 _hR625x7:1, 152G9(=)
_cTEXL
_2CC
999 _c343528
_d343528